000 02160nam a2200289 4500
005 20180306095532.0
008 180306s1875 fr |||fr|||| 001 0 fre d
040 _aCO-BoUCM
_bspa
_cSandra Yazo
_dSandra Yazo
041 1 _afre
082 0 4 _220
_a340.56
092 _aE45N017
100 1 _934209
_aDemóstenes
_d384-322 a. c.
242 0 0 _aDiscursos civiles de Demóstenes
_cExplicaciones, notas y traducción al francés de Rodolfo Dareste
_yspa
245 1 0 _aLes Plaidoyers civils de Démosthène
_cTraduits en français, avec arguments et notes par Rodolphue Dareste
260 _aParís (Francia)
_bE. Plon et Cie.[E. Plon y Compañía]
_c1875
300 _a2 volúmenes (xliii, 385 ; 364 páginas)
_c19 x 12 cm.
500 _aDetalles físicos: Encuadernación rígida en cartón duro forrado en tela texturizada. Lomo y tapa delantera con repujados e impresiones en negro y dorado. Guardas. Hoja de cortesía. Portada impresa en una sola tinta. Marca tipográfica del editor. Texto impreso en una sola columna. Notas de pie de página. Índice. Erratas. Hojas con bordes irregulares y papel con manchas
505 0 _aV.1: Introducción ; Discursos contra Áfobos (I, II y III) ; Discursos contra Onetor (I y II) ; Los hijos de Aristecmes contra Nausímaco y Xenófites ; Mantiteo contra Beotos (I y II) ; Contra Spudias ; El hijo de Tisias contra Calicles ; Contra Fénipe ; Contra Apatourios ; Por la corona de los tres poderes ; Ariston contra Conon ; Nicóbulo contra Panteneto ; Demón contra Zenotemis ; Crisipo contra Formión ; Androcles contra Lacrites ; Darío contra Dionisodoro -- V.2: Calístrates contra Olimpiodoro ; Sositeo contra Macartato ; Los hijos de Aristodemo contra Leócares ; Formión contra Apolodoro ; Apolodoro contra varios ; Índice de términos jurídicos que se manejan en las notas
506 _aConsulta en sala
546 _aTexto en francés
650 7 _920803
_aOratoria griega
650 7 _918628
_aLiteratura clásica
650 7 _941227
_aDerecho civil
_xDiscursos
690 _aDerecho civil
_912711
700 1 _aDareste, Rodolfo
_etraductor
_991683
942 _2LOCAL
_cLIBRO
_e1
_hE45N017
999 _c309474
_d309474